000
00342nam a2200145Ia 4500
008
191201s2003 xx 000 0 und d
082
_a
005.133
_b
RAD
100
_a
RAMAKRISHNAN, Raghu
245
0
_a
Database Management Systems
250
_a
3rd
260
_a
N.Delhi
_b
MGH
_c
2003
300
_a
1065
650
_a
B.Tech(IT)
942
_2
ddc
_c
BK
999
_c
2910
_d
2910